El cartero de neruda (ardiente paciencia) /
Guardado en:
| Autor Principal: | |
|---|---|
| Formato: | Libro |
| Publicado: |
Buenos Aires :
Sudamericana,
1996
|
| Edición: | 12a. ed. |
| Materias: | |
| Etiquetas: |
Agregar Etiqueta
Sin Etiquetas, Sea el primero en etiquetar este registro!
|
| LEADER | 00863nam a22002535a 4500 | ||
|---|---|---|---|
| 001 | CEM.cems009335 | ||
| 005 | 20090226102508.0 | ||
| 008 | 130507s1996##################000#0#####d | ||
| 003 | CEMS | ||
| 020 | |a 9500710692 | ||
| 082 | 0 | 4 | |a CH863.4 |
| 100 | 1 | |a Skármeta, Antonio | |
| 245 | 1 | 0 | |a El cartero de neruda (ardiente paciencia) / |c Antonio Skármeta |
| 250 | |a 12a. ed. | ||
| 260 | |a Buenos Aires : |b Sudamericana, |c 1996 | ||
| 300 | |a 140 p. | ||
| 653 | |a Literatura | ||
| 653 | |a Literatura chilena-siglo 20 | ||
| 653 | |a Novelas | ||
| 653 | |a Novelas chilenas-siglo 20 | ||
| 859 | |a CEMS |b BIB. CEMS - 11 de abril |h CH863.4 |i Sk16 |p 11784.44 |t Ej.4 | ||
| 859 | |a CEMS |b BIB. CEMS - 11 de abril |h CH863.4 |i Sk16 |p 18989.96 |t Ej.3 | ||
| 859 | |a CEMS |b BIB. CEMS - 11 de abril |h CH863.4 |i Sk16 |p 18990.96 |t Ej.2 | ||
| 859 | |a CEMS |b BIB. CEMS - 11 de abril |h CH863.4 |i Sk16 |p 18991.96 |t Ej.1 | ||
